Logo BPK

Bibliografia Prac Pracowników

Politechniki Koszalińskiej

Rola turystyki w rozwoju gospodarczym obszarów wiejskich w Polsce - ujęcie przestrzenne = (Rekord nr 1521)

Szczegóły MARC
000 -ETYKIETA REKORDU
podpole kontrolne o stałej długości 01344naa a2200241 i 4500
001 - NUMER KONTROLNY REKORDU
podpole kontrolne 1521
003 - IDENTYFIKATOR NUMERU KONTROLNEGO REKORDU
podpole kontrolne KOSZ 005
005 - DATA OSTATNIEJ MODYFIKACJI REKORDU
podpole kontrolne 20180123091740.0
008 - POLE O STAŁEJ DŁUGOŚCI - DANE KONTROLNE
podpole kontrolne o stałej długości 151005s2009 pl f |000 0 pol
040 ## - ŹRÓDŁO KATALOGOWANIA
Instytucja, która utworzyła rekord BPK
Instytucja, która dokonała modyfikacji KOSZ 005/EG
041 ## - KOD JĘZYKA
Kod języka tekstu pol
Kod języka streszczenia lub abstraktu eng
080 ## - UNIWERSALNA KLASYFIKACJA DZIESIĘTNA - UKD
UKD 338.46(1-22)
080 ## - UNIWERSALNA KLASYFIKACJA DZIESIĘTNA - UKD
UKD 338.48
100 1# - NAZWA OSOBOWA
Nazwa osobowa STANNY-BURAK, Monika.
Lata pracy 1996 - .
Instytucja Politechnika Koszalińska - Instytut Ekonomii i Zarządzania,
Wydział Zakład Demografii i Geografii Ekonomicznej
245 10 - TYTUŁ/ODPOWIEDZIALNOŚĆ
Tytuł Rola turystyki w rozwoju gospodarczym obszarów wiejskich w Polsce - ujęcie przestrzenne =
Ciąg dalszy tytułu Significance of tourism in economic development of rural areas in Poland - spatial approach /
Pozostałe elementy strefy tytułu i oznaczenia odpowiedzialności Monika Stanny.
246 31 - WARIANT TYTUŁU
Tytuł Significance of tourism in economic development of rural areas in Poland - spatial approach
500 ## - UWAGI OGÓLNE
Tekst uwagi Dane z autopsji.
520 ## - UWAGA DOTYCZĄCA TREŚCI DOKUMENTU
Analiza dokumentacyjna, adnotacja itp. Celem opracowania jest analiza przestrzenna rozkładu mierników funkcji turystycznej na obszarach wiejskich oraz identyfikacja takich regionów, gdzie turystyka jest dziedziną stymulującą rozwój gospodarczy.
650 #0 - HASŁO PRZEDMIOTOWE W FORMIE NAZWY OGÓLNEJ LUB JEDNOSTKOWEJ
Nazwa ogólna lub geograficzna Działalność pozarolnicza na wsi.
650 #0 - HASŁO PRZEDMIOTOWE W FORMIE NAZWY OGÓLNEJ LUB JEDNOSTKOWEJ
Nazwa ogólna lub geograficzna Agroturystyka.
773 0# - TYTUŁ DOKUMENTU MACIERZYSTEGO
Wyrażenie wprowadzające W :
Tytuł Turystyka we współczesnej gospodarce : praca zbiorowa / pod red. Włodzimierza Delugi. -
Adres wydawniczy Koszalin : Wydaw. Uczelniane Politechniki Koszalińskiej, 2009. -
Informacje dotyczące relacji s. 227-240
942 ## - HASŁO DODATKOWE - ELEMENTY(KOHA)
Typ dokumentu Rozdział
Schemat klasyfikacji Uniwersalna klasyfikacja dziesiętna
Egzemplarze
Wycofany Zagubiony Uszkodzony Dostępność Lokalizacja stała Lokalizacja bieżąca Sygnatura Typ dokumentu
      Dostępny Bibliografia Prac Pracowników - BPK Bibliografia Prac Pracowników - BPK 91533 Rozdział
© 2014 Biblioteka Politechniki Koszalińskiej :: BIBLIOGRAFIA PRAC PRACOWNIKÓW